| 000 | 01838nam a2200505 i 4500 | ||
|---|---|---|---|
| 001 | 15458 | ||
| 003 | KOSZ 005 | ||
| 005 | 20200630084038.0 | ||
| 008 | 200416s1973 pl a f 000 0 pol | ||
| 015 | _aUWD 1973/8418 | ||
| 035 | _a991034465539705066 | ||
| 035 | _a(PL-WaBN)b19216932-48omnis_nlop | ||
| 035 | _ab19216932 | ||
| 035 | _a(OCoLC)830837016 | ||
| 035 | _a(PL)b0000001921693 | ||
| 035 | _a(EXLNZ-48OMNIS_NETWORK)9910464150605606 | ||
| 040 |
_aWA N _cWA N _dKOSZ 005/RW |
||
| 046 | _k1973 | ||
| 080 | _a629.51/.58 | ||
| 080 | _a(075.8) | ||
| 100 | 1 |
_aZborowski, Andrzej _c(okrętownictwo) _eAutor |
|
| 245 | 1 | 0 |
_aOpór okrętu : _bprzybliżone metody obliczania oporu. _nCz. 2, _pStatki specjalne / _cAndrzej Zborowski ; [recenzent : doc. dr inż. Wiesław Wełnicki] ; Politechnika Gdańska. |
| 246 | 3 | 0 | _aStatki specjalne |
| 260 |
_aGdańsk : _bWydawnictwo Uczelniane Politechniki Gdańskiej, _c1973. |
||
| 300 |
_a128 stron : _bilustracje ; _c24 cm. |
||
| 336 |
_aTekst _btxt _2rdacontent |
||
| 337 |
_aBez urządzenia pośredniczącego _bn _2rdamedia |
||
| 338 |
_aWolumin _bnc _2rdacarrier |
||
| 380 | _aKsiążki | ||
| 380 | _aPublikacje dydaktyczne | ||
| 388 | _a1901-2000 | ||
| 388 | _a1945-1989 | ||
| 650 | 7 |
_aStatki _2DBN |
|
| 650 | 7 | _aBudowa i konstrukcje | |
| 650 | 7 | _aHydrodynamika | |
| 655 | 7 |
_aPodręczniki akademickie _2DBN |
|
| 658 | _aInżynieria i technika | ||
| 658 | _aFizyka i astronomia | ||
| 700 | 1 |
_aWełnicki, Wiesław _eRecenzja |
|
| 710 | 2 | _aPolitechnika Gdańska | |
| 710 | 2 |
_aWydawnictwo Uczelniane Politechniki Gdańskiej _4pbl |
|
| 856 |
_uhttp://koha.tu.koszalin.pl/cgi-bin/koha/opac-detail.pl?biblionumber=15458 _yKatalog online BPK |
||
| 942 |
_2UKD _cKS |
||
| 999 |
_c15458 _d15458 |
||